00634nam a2200181Ia 4500003000900000008004100009040001600050080001700066100002600083245011800109260006800227300001400295650001600309650001300325942000700338999001500345952009200360IN-BaIIA211028s9999 xx 000 0 eng d cIIA Library a53(047)bPHY aPedersen, C. I.96001 0aReports on progress in physicsbvol. XXXI, pt. IIcPedersen, C. I.  aLondonbThe Institute of Physics and the Physical Societyc1968 a418-859p. aPhysics973 aProgress cBK c3383d3383 00104070aBANbBANcGENd1970-02-03l0o53(047)/PHYp3759r2021-11-05w1970-02-03yBK